Đội ngũ giảng viên và các công trình khoa học giai đoạn 1994 - 2009. t.II /

保存先:
書誌詳細
団体著者: Đại học Thái Nguyên.
フォーマット: Sách giấy
言語:Vietnamese
出版事項: H. : Khoa học và Kỹ thuật, 2009.
主題:
タグ: タグ追加
タグなし, このレコードへの初めてのタグを付けませんか!
Thư viện lưu trữ: Thư viện Trường Đại học Đà Lạt
LEADER 00826nam a2200313 4500
001 DLU130150366
005 ##20130822
040 # # |a DLU  |b vie 
041 # # |a vie 
044 # # |a vn 
082 # # |a 378.597 14 
110 # # |a Đại học Thái Nguyên. 
245 # # |a Đội ngũ giảng viên và các công trình khoa học giai đoạn 1994 - 2009.  |n t.II /  |c Đại học Thái Nguyên. 
260 # # |a H. :  |b Khoa học và Kỹ thuật,  |c 2009. 
300 # # |a 570 tr. ;  |c 29 cm. 
650 # # |a Giáo dục đại học  |z Việt Nam  |z Thái Nguyên. 
923 # # |a 03/2013 
990 # # |a t.II 
991 # # |a SH 
992 # # |a 28500 
994 # # |a DLU 
998 # # |a KY 
900 # # |a True 
911 # # |a Đào Thị Thu Huyền 
925 # # |a G 
926 # # |a A 
927 # # |a SH 
980 # # |a Thư viện Trường Đại học Đà Lạt